000 00241nam a22001217a 4500
041 _aENG
100 _aGrishin .M.M
245 _aHydraulc Tructure
260 _aDelhi
_bMir Publishers
_c1979
300 _a468
650 _a48
856 _u48
999 _c3122
_d3122